| 000 | 00458nam a2200181Ia 4500 | ||
|---|---|---|---|
| 008 | 230711s9999||||xx |||||||||||||| ||und|| | ||
| 020 | _a978-0-07-462264-3 | ||
| 041 | _aENG | ||
| 082 |
_a658 _bMO-P |
||
| 100 | _aMonappa,Arun | ||
| 245 | 0 | _aPersonal management | |
| 250 | _a2nd Ed. | ||
| 260 |
_c2011 _aNew Delhi _bTata McGraw Hill Education Limited |
||
| 300 | _a416 | ||
| 650 | _aUNIVESITY BUSNIESS SCHOOL | ||
| 700 | _aSaiyadain,Mirza S | ||
| 942 | _cBK | ||
| 999 |
_c5151 _d5151 |
||